01072nam a2200229Ia 4500008004100000020001500041040001800056041000800074245007100082250001200153260005600165300004700221500009600268504004500364505026500409650002600674650003300700700002100733700003100754700003200785700002500817130821s2004 sp ab gr spa  a8424121368 aCo-BoUCMbspa00aspa10aAtlas geográfico universalcEmilia González Ordás...[et al.] a13a ed. aLeón (Castilla y León, España)bEverestc2004 a144 páginasbilustraciones, mapas. color aEdición totalmente actualizada con los últimos cambios de fronteras, estado y naciones. aIncluye abreviaturas e índice general. 0aDatos socioeconómicos y estadísticos del mundo, contrastados y revisados. -- Apartado especifico para la "Unión Europea". -- Textos adicionales sobre el "mundo y sus continentes". -- Información actualizada sobre España y sus comunidades autónomas.04aGeografía universal04aGeografía universalvAtlas1 aGarcía, Carmen1 aGonzález Ordás, Emilia1 aGonzález, José-Margín1 aMorais, Francisco A.